The Alchemist / (Record no. 514)

000 -LEADER
fixed length control field 00534nam a2200205 a 4500
008 - FIXED-LENGTH DATA ELEMENTS--GENERAL INFORMATION
fixed length control field 190909r19932012ii ||||gr|||| 00| 1 eng d
020 ## - INTERNATIONAL STANDARD BOOK NUMBER
International Standard Book Number 9788172234980
Terms of availability Rs. 299.00
040 ## - CATALOGING SOURCE
Original cataloging agency IMU Kochi Library
Language of cataloging eng
041 0# - LANGUAGE CODE
Language code of text/sound track or separate title eng
044 ## - COUNTRY OF PUBLISHING/PRODUCING ENTITY CODE
MARC country code India
082 04 - DEWEY DECIMAL CLASSIFICATION NUMBER
Edition number 23
Classification number 869.3
Item number C6506
100 1# - MAIN ENTRY--PERSONAL NAME
Personal name Coelho, Paulo
245 10 - TITLE STATEMENT
Title The Alchemist /
260 ## - PUBLICATION, DISTRIBUTION, ETC. (IMPRINT)
Place of publication, distribution, etc Noida :
Name of publisher, distributor, etc HarperCollins Publishers,
Date of publication, distribution, etc 1993, reprint 2012
300 ## - PHYSICAL DESCRIPTION
Extent xiv, 161 p. ;
Dimensions 19.5 cm.
650 #0 - SUBJECT ADDED ENTRY--TOPICAL TERM
Topical term or geographic name as entry element English Fiction
650 #0 - SUBJECT ADDED ENTRY--TOPICAL TERM
Topical term or geographic name as entry element English philosophy
852 ## - LOCATION/CALL NUMBER
Location IMU Kochi Library
942 ## - ADDED ENTRY ELEMENTS (KOHA)
Item type Books
Holdings
Withdrawn status Lost status Source of classification or shelving scheme Damaged status Not for loan Collection code Permanent location Current location Shelving location Date acquired Source of acquisition Cost, normal purchase price Total Checkouts Total Renewals Full call number Barcode Checked out Date last seen Date last borrowed Koha item type Public note
          English IMU Kochi Library IMU Kochi Library Fiction & General 2013-10-29 Gemini Book House (Inv. No. 106 Dt 2013-05-10) 299.00 16 4 869.3 C6506 BK000956 2026-06-01 2026-04-30 2026-04-30 Books Shelf-19, Row-2
          Fiction IMU Kochi Library IMU Kochi Library General Stacks 2013-12-06 M/S Gemini Book House (Inv. No. 105 Dt 2013-05-10) 0.00 33 3 869.3 C6506 BK002556   2025-10-17 2025-10-07 Books Shelf-19, Row-2


Copyright © All Rights Reserved by Indian Maritime University, Kochi Campus.
For any Suggestions/Query Contact to library or Email: library.kochi@imu.ac.in Ph:(0484)-2989402
(Web OPAC Designed by Rudra Ranjan. Maintained by IMU Kochi Library)

Powered by Koha